| 000 | 00766nam a2200217 i 4500 | ||
|---|---|---|---|
| 001 | 189973 | ||
| 003 | ES-MaACL | ||
| 005 | 20250830054452.0 | ||
| 008 | 200302s1968 sp |||| | spa d | ||
| 100 | 1 |
_aBrockhusen, Gerda. _9169798 |
|
| 245 | 1 | 0 |
_aEspiritualidad en Alemania _b: corrientes modernas, Edith Stein / _cGerda Brockhusen ; [traducción de Jesús Mª Núñez Alonso]. |
| 260 |
_aMadrid : _bEdit. de Espiritualidad, _c[1968] |
||
| 300 |
_a192 p., 2 lám. ; _c18 cm. |
||
| 490 | 1 |
_aLogos ; _v4 |
|
| 600 | 1 | 4 |
_aEdith Stein _cSanta ( _d1891-1942) _946641 |
| 650 | 7 |
_aTeología espiritual _2embne _9165809 |
|
| 700 | 1 |
_aNúñez Alonso, Jesús María. _9169799 |
|
| 830 | 0 |
_aLogos ; _v4 _9183254 |
|
| 852 |
_aES-MaACL _jP-1403-4 |
||
| 999 |
_c189973 _d189973 |
||